000 01227nam a2200229Ia 4500
001 L170-14493
003 IT-CnALBA
008 170116s9999||||xx |||||||||||||| ||und||
040 _aIT-CnALBA
_cIT-CnALBA
041 _aITALIANO
100 _aNOHL HERMAN
245 0 _aINTRODUZIONE ALL'ETICA. LE ESPERIENZE MORALI FONDAMENTALI.
250 _a1a ed.
260 _aNAPOLI
_bGUIDA ALFREDO E C. EDITORI
_c1975 [1° Ed.:1975 - Ed.Ling.Originale: 1949]
300 _a195 p. (prefazione: 7)
500 _aTRADUZIONE DAL TEDESCO DI G. MORETTO. AUTODETERMINAZIONE MORALE. PIACERE, PRINCIPIO BIOLOGICO. PIANO PSICHICO CREATIVO. FORZA. AMORE. RASSEGNAZIONE. PIANO SPIRITUALE: VERACITÀ. FEDELTÀ. GIUSTIZIA. NECESSITÀ MORALE E LIBERTÀ. VOLONTÀ. LEGGE. COLPA. VERGOGN
501 _aSocietà San Paolo EM - Piazza San Paolo, 14 - 12051 ALBA (CN) (non commercial uses only) ® Copyright 2017
520 _aTRADUZIONE DAL TEDESCO DI G. MORETTO. AUTODETERMINAZIONE MORALE. PIACERE, PRINCIPIO BIOLOGICO. PIANO PSICHICO CREATIVO. FORZA. AMORE. RASSEGNAZIONE. PIANO SPIRITUALE: VERACITÀ. FEDELTÀ. GIUSTIZIA. NECESSITÀ MORALE E LIBERTÀ. VOLONTÀ. LEGGE. COLPA. VERGOGN
650 _aETICA
942 _cBK
957 _71
999 _a19245
_bNO
_g Copie: 1
_c273667
_d273667